Charles Darwins the life of erasmus darwin. (Record no. 161046)

MARC details
000 -LEADER
fixed length control field 00555nam a2200205Ia 4500
003 - CONTROL NUMBER IDENTIFIER
control field OSt
005 - DATE AND TIME OF LATEST TRANSACTION
control field 20230425161053.0
008 - FIXED-LENGTH DATA ELEMENTS--GENERAL INFORMATION
fixed length control field 210423s2003 xx 000 0 und d
020 ## - INTERNATIONAL STANDARD BOOK NUMBER
International Standard Book Number 521815266
040 ## - CATALOGING SOURCE
Transcribing agency AL
041 ## - LANGUAGE CODE
Language code of text/sound track or separate title eng
082 ## - DEWEY DECIMAL CLASSIFICATION NUMBER
Classification number 508.092
Edition number 23
Item number GOPP
100 ## - MAIN ENTRY--PERSONAL NAME
Personal name KING-HELE (Desmond).
9 (RLIN) 92991
245 ## - TITLE STATEMENT
Title Charles Darwins the life of erasmus darwin.
260 ## - PUBLICATION, DISTRIBUTION, ETC.
Place of publication, distribution, etc. New Delhi
Name of publisher, distributor, etc. Cambridge University Press
Date of publication, distribution, etc. 2003
300 ## - PHYSICAL DESCRIPTION
Extent xx,172
Other physical details HB
365 ## - TRADE PRICE
Price amount 995
Currency code INR
906 ## - LOCAL DATA ELEMENT F, LDF (RLIN)
a Charles ; darwin. ; Darwins ; erasmus ; life
942 ## - ADDED ENTRY ELEMENTS (KOHA)
Source of classification or shelving scheme Dewey Decimal Classification
Koha item type Book
Holdings
Withdrawn status Lost status Damaged status Not for loan Collection code Home library Current library Date acquired Source of acquisition Cost, normal purchase price Total Checkouts Full call number Barcode Date last seen Price effective from Koha item type
        MA English St Aloysius PG Library St Aloysius PG Library 02/28/2013 Kiran Book Centre 995.00   508.092 KIND PG007527 08/24/2022 04/26/2021 Book